000 00741nam a2200289Ia 4500
005 20260324124613.0
008 008 260324s9999 xx 000 0 eng d
020 _a9780203856598
037 _aEBOOK
040 _aCRL
040 _beng
040 _cCRL
041 _2eng
041 _aeng
084 _qCRL
100 _aJohan Schot; John Grin; Jan Rotmans
_91174798
245 0 _aTransitions to Sustainable Development
245 0 _bNew Directions in the Study of Long Term Transformative Change
260 _bTaylor and Francis
260 _c2010
365 _a
365 _b230
856 _uhttp://www.taylorfrancis.com/books/9780203856598
942 _cEBOOK
999 _c1769314
_d1769314